000 00688nam0a22002411 4500
001 RU\INFOCOMM_322\NLR\5000188508
005 20250613110916.0
035 _a(NLR Aleph) 009577359
090 _a9168330
_c9168330
100 _a20130220d1979 |||y0rusy50 ca
101 0 _aeng
102 _aRU
105 _ay z |||||
200 1 _aMethod for treating liquid metal
_fAcad. of science, USSR, A. A. Baikov inst. of metallurgy
210 _aM.
_d[1979]
215 _a7 с.
_cил., цв. ил.
_d29 см
620 _aМосква
686 _aК327.03
_2rubbk
801 1 _aRU
_bInfocomm
_c20130220
801 0 _aRU
_bINFOCOMM
_gPSBO
852 _aNLR
_jТ31 Д-8/39
942 _cBOOK
980 _aNB